The realm of fiction: 65 short stories

Guardat en:
Dades bibliogràfiques
Autor principal: Hall, James B (Autor)
Format: Llibre
Idioma:anglès
Publicat: Nueva York McGraw-Hill 1970
Matèries:
Etiquetes: Afegir etiqueta
Sense etiquetes, Sigues el primer a etiquetar aquest registre!

MARC

LEADER 00000nam a2200000 a 4500
001 UCW6376
003 CL-VaPUC
008 911203e19700000US |||||||||||||||||eng|d
082 0 4 |a 808.83  |b HAL  |2 21 
100 0 |a Hall, James B  |e author  |9 311432 
245 1 4 |a The realm of fiction: 65 short stories 
300 |a 528 p 
942 |c BK 
945 |d 19911203 00:00:00 
260 |a Nueva York  |b McGraw-Hill  |c 1970 
650 0 |a Cuentos  |9 308079 
583 |a last modification  |c 19911203 00:00:00  |k Rodrigo Vera 
999 |c 219458  |d 219456 
952 |0 0  |1 0  |4 0  |6 808_830000000000000_HAL_1970  |7 0  |8 P  |9 210399  |a BIBEDU  |b BIBEDU  |c BIBEDU_PB  |d 2019-11-15  |i 2785188  |o 808.83 HAL 1970  |p 2785188  |r 2024-01-25  |w 2019-11-15  |y BK  |k EDU